[Event "Ruhrgebiet Verbandsklasse Gruppe 1 1617"]
[Site "Germany"]
[Date "2017.03.12"]
[Round "8.5"]
[White "Cavasin, Joerg"]
[Black "Wernitz, Peter"]
[Result "1-0"]
[WhiteElo "1845"]
[BlackElo "1814"]
[PlyCount "95"]
[EventDate "2016.09.04"]
[EventType "team-tourn"]
[EventRounds "9"]
[EventCountry "GER"]
[SourceTitle "EXT 2022"]
[Source "ChessBase"]
[SourceDate "2021.10.06"]
[SourceVersion "1"]
[SourceVersionDate "2021.10.06"]
[SourceQuality "1"]
[WhiteTeam "Altenessen"]
[BlackTeam "Recklinghausen Altstadt"]
[WhiteTeamCountry "GER"]
[BlackTeamCountry "GER"]

1. c4 c5 2. Nf3 Nc6 3. Nc3 Nf6 4. g3 g6 5. Bg2 Bg7 6. 0-0 0-0 7. d4 cxd4 8. Nxd4 Qb6 9. e3 d6 10. Na4 Qc7 11. Nb5 Qd8 12. Bd2 Bd7 13. Rc1 a6 14. Na3 Ne5 15. Bc3 Bxa4 16. Qxa4 Nd3 17. Rcd1 Nc5 18. Qc2 Qc7 19. b4 Ne6 20. Rc1 Nd7 21. Bxg7 Kxg7 22. Rfd1 Rac8 23. Qd2 Nf6 24. Rc2 Rfd8 25. Rdc1 Kg8 26. Qd3 Rb8 27. Qb3 b6 28. Rc3 Kg7 29. Nc2 a5 30. a3 Nd7 31. Bd5 Nf6 32. Bg2 Nd7 33. Nd4 Nxd4 34. exd4 e6 35. Qc2 e5 36. Qd2 Kg8 37. f4 f6 38. Rf1 Kg7 39. fxe5 dxe5 40. d5 Qd6 41. Rc2 axb4 42. axb4 Ra8 43. Qc3 Rdc8 44. Qb3 Rc7 45. Rfc1 Rac8 46. Ra1 Kg8 47. Ra6 Qf8 48. d6 1-0

[Event "Ruhrgebiet Verbandsklasse Gruppe 3 1516"]
[Site "Germany"]
[Date "2016.03.20"]
[Round "8.5"]
[White "Cavasin, Joerg"]
[Black "Wimber, Hartmut"]
[Result "1-0"]
[WhiteElo "1842"]
[BlackElo "1821"]
[PlyCount "67"]
[EventDate "2015.09.06"]
[EventType "team-tourn"]
[EventRounds "9"]
[EventCountry "GER"]
[SourceTitle "EXT 2022"]
[Source "ChessBase"]
[SourceDate "2021.10.06"]
[SourceVersion "1"]
[SourceVersionDate "2021.10.06"]
[SourceQuality "1"]
[WhiteTeam "Altenessen"]
[BlackTeam "Recklinghausen Sued"]
[WhiteTeamCountry "GER"]
[BlackTeamCountry "GER"]

1. c4 Nf6 2. Nf3 g6 3. Nc3 c5 4. d4 cxd4 5. Nxd4 Bg7 6. e4 d6 7. Be2 0-0 8. Be3 b6 9. 0-0 Bb7 10. Qc2 Nbd7 11. f4 Nc5 12. Bf3 e5 13. Nde2 Qe7 14. fxe5 dxe5 15. b3 Rfd8 16. Rad1 h6 17. g4 Ne6 18. Nd5 Nxd5 19. exd5 Ng5 20. Bg2 Rd6 21. Ng3 Qd8 22. Qd2 Rd7 23. Qf2 f6 24. h4 Nh7 25. Be4 f5 26. gxf5 Qxh4 27. fxg6 Nf6 28. Qg2 Rf8 29. Bf5 Rd6 30. Bc1 Ng4 31. Ne4 Rxf5 32. Nxd6 Rxf1+ 33. Rxf1 e4 34. Nf5 1-0

[Event "NRW Verbandsklasse playoff"]
[Site "Nordrheinwestfalen"]
[Date "2014.06.22"]
[Round "3.5"]
[White "Cavasin, Joerg"]
[Black "Wloka, Sebastian"]
[Result "1/2-1/2"]
[WhiteElo "1903"]
[BlackElo "1842"]
[PlyCount "61"]
[EventDate "2014.05.11"]
[EventType "team-tourn"]
[EventRounds "2"]
[EventCountry "GER"]
[SourceTitle "EXT 2020"]
[Source "ChessBase"]
[SourceDate "2019.10.17"]
[SourceVersion "1"]
[SourceVersionDate "2019.10.17"]
[SourceQuality "1"]
[WhiteTeam "Altenessen"]
[BlackTeam "Eichlinghofen SV"]
[WhiteTeamCountry "GER"]
[BlackTeamCountry "GER"]

1. d4 d5 2. e3 c6 3. Nd2 Nf6 4. Bd3 Nbd7 5. Ngf3 e6 6. 0-0 Bd6 7. e4 dxe4 8. Nxe4 Nxe4 9. Bxe4 h6 10. c3 0-0 11. Nd2 e5 12. Nc4 Bc7 13. dxe5 Nxe5 14. Nxe5 Qxd1 15. Rxd1 Bxe5 16. Be3 Be6 17. Rd2 Rfd8 18. Rad1 Rxd2 19. Rxd2 Bc7 20. a3 a6 21. f4 f5 22. Bc2 Rd8 23. Re2 Kf7 24. g3 g6 25. b3 Rd7 26. Kf2 Bd8 27. c4 Be7 28. a4 Bf6 29. Kf3 Bc3 30. Bc5 b5 31. axb5 1/2-1/2

[Event "NRW Verbandsklasse Group1 1314"]
[Site "Nordrheinwestfalen"]
[Date "2014.04.06"]
[Round "9"]
[White "Cavasin, Joerg"]
[Black "Holl, Michael"]
[Result "1/2-1/2"]
[WhiteElo "1867"]
[BlackElo "1757"]
[PlyCount "31"]
[EventDate "2013.09.08"]
[EventType "team-tourn"]
[EventRounds "9"]
[EventCountry "GER"]
[SourceTitle "EXT 2020"]
[Source "ChessBase"]
[SourceDate "2019.10.17"]
[SourceVersion "1"]
[SourceVersionDate "2019.10.17"]
[SourceQuality "1"]
[WhiteTeam "Altenessen"]
[BlackTeam "Oberhausen SW"]
[WhiteTeamCountry "GER"]
[BlackTeamCountry "GER"]

1. c4 c5 2. Nc3 Nf6 3. e4 g6 4. d3 d6 5. Be2 Nc6 6. Be3 Bg7 7. Qd2 0-0 8. h4 h5 9. Nh3 Qa5 10. Nf4 Ng4 11. Bxg4 Bxg4 12. f3 Bd7 13. g4 Ne5 14. Qg2 hxg4 15. fxg4 Nxg4 16. Bd2 1/2-1/2

[Event "Ruhrgebiet VK1 1213"]
[Site "Nordrheinwestfalen"]
[Date "2013.04.28"]
[Round "9"]
[White "Gierse, Heinz Dieter"]
[Black "Cavasin, Joerg"]
[Result "1/2-1/2"]
[WhiteElo "1916"]
[BlackElo "1850"]
[PlyCount "33"]
[EventDate "2012.09.02"]
[EventType "team-tourn"]
[EventRounds "9"]
[EventCountry "GER"]
[SourceTitle "EXT 2020"]
[Source "ChessBase"]
[SourceDate "2019.10.17"]
[SourceVersion "1"]
[SourceVersionDate "2019.10.17"]
[SourceQuality "1"]
[WhiteTeam "Bottrop SV"]
[BlackTeam "Altenessen"]
[WhiteTeamCountry "GER"]
[BlackTeamCountry "GER"]

1. Nf3 c5 2. g3 Nc6 3. Bg2 e5 4. d3 d5 5. 0-0 Nf6 6. e4 d4 7. Nbd2 Be7 8. a4 0-0 9. Nc4 Qc7 10. h3 a6 11. a5 Be6 12. Nfd2 Ne8 13. Nb6 Rd8 14. Ndc4 Bxc4 15. Nxc4 Nd6 16. Nxd6 Bxd6 17. b3 1/2-1/2

[Event "Ruhrgebiet VK1 1213"]
[Site "Nordrheinwestfalen"]
[Date "2013.02.24"]
[Round "7.5"]
[White "Cavasin, Joerg"]
[Black "Hornung, Ruediger"]
[Result "1/2-1/2"]
[WhiteElo "1850"]
[BlackElo "1902"]
[PlyCount "41"]
[EventDate "2012.09.02"]
[EventType "team-tourn"]
[EventRounds "9"]
[EventCountry "GER"]
[SourceTitle "EXT 2020"]
[Source "ChessBase"]
[SourceDate "2019.10.17"]
[SourceVersion "1"]
[SourceVersionDate "2019.10.17"]
[SourceQuality "1"]
[WhiteTeam "Altenessen"]
[BlackTeam "Rochade Eving"]
[WhiteTeamCountry "GER"]
[BlackTeamCountry "GER"]

1. c4 e6 2. g3 d5 3. Bg2 Nf6 4. Nf3 Be7 5. 0-0 0-0 6. cxd5 exd5 7. d4 c6 8. Nc3 Bg4 9. Ne5 Bh5 10. Qb3 Qb6 11. Qxb6 axb6 12. Bf4 Nbd7 13. Nxd7 Nxd7 14. Rfe1 b5 15. e4 dxe4 16. Bxe4 Bb4 17. d5 Ra6 18. dxc6 bxc6 19. Rec1 Nf6 20. Bg2 Bg6 21. Be5 1/2-1/2

[Event "Ruhrgebiet VL2 0708"]
[Site "Germany"]
[Date "2008.04.27"]
[Round "9.4"]
[White "Cavasin, Joerg"]
[Black "Vengels, Joachim"]
[Result "0-1"]
[WhiteElo "1944"]
[BlackElo "1980"]
[PlyCount "40"]
[EventDate "2007.09.02"]
[EventType "team"]
[EventRounds "9"]
[EventCountry "GER"]
[SourceTitle "EXT 2009"]
[Source "ChessBase"]
[SourceDate "2008.11.26"]
[SourceVersion "1"]
[SourceVersionDate "2008.11.26"]
[SourceQuality "1"]
[WhiteTeam "Altenessen "]
[BlackTeam "Hervest Dorsten"]
[WhiteTeamCountry "GER"]
[BlackTeamCountry "GER"]

1. c4 c6 2. d4 d5 3. Nc3 e5 4. cxd5 cxd5 5. dxe5 d4 6. Ne4 Qa5+ 7. Bd2 Qxe5 8. Ng5 Bc5 9. N1f3 Qe7 10. Qc2 Nc6 11. Rc1 Bb6 12. g3 Nf6 13. Bg2 h6 14. Nh3 0-0 15. Nf4 Bg4 16. 0-0 Rfe8 17. a3 Qd7 18. Qd3 Rad8 19. Rcd1 g5 20. Nh3 Bxh3 0-1

[Event "Ruhrgebiet VL2 0708"]
[Site "Germany"]
[Date "2008.01.20"]
[Round "5.5"]
[White "Krassowizkij, Jaroslaw"]
[Black "Cavasin, Joerg"]
[Result "0-1"]
[WhiteElo "1927"]
[BlackElo "1944"]
[PlyCount "114"]
[EventDate "2007.09.02"]
[EventType "team"]
[EventRounds "9"]
[EventCountry "GER"]
[SourceTitle "EXT 2009"]
[Source "ChessBase"]
[SourceDate "2008.11.26"]
[SourceVersion "1"]
[SourceVersionDate "2008.11.26"]
[SourceQuality "1"]
[WhiteTeam "Bottrop"]
[BlackTeam "Altenessen "]
[WhiteTeamCountry "GER"]
[BlackTeamCountry "GER"]

1. e4 d5 2. exd5 Qxd5 3. Nc3 Qa5 4. Bc4 Nf6 5. Nf3 Bf5 6. 0-0 e6 7. d3 c6 8. Bf4 Bb4 9. Ne2 0-0 10. a3 Be7 11. Ng3 Bg6 12. Ne5 Nbd7 13. Nxg6 hxg6 14. Qe2 Nd5 15. Bd2 Qb6 16. Ne4 N7f6 17. b4 Rfd8 18. Ng5 Qc7 19. Qf3 Bd6 20. h3 Re8 21. Rfe1 Re7 22. Bb3 Be5 23. Rad1 Nc3 24. Rxe5 Qxe5 25. d4 Ne2+ 26. Kf1 Nxd4 27. Qd3 Nxb3 28. Qxb3 Rd8 29. Nf3 Qd5 30. Qxd5 Rxd5 31. Re1 Red7 32. Be3 a5 33. c4 Rd1 34. bxa5 Rxe1+ 35. Nxe1 Ne4 36. Ke2 Nd6 37. Kd3 Nf5+ 38. Kc2 Nxe3+ 39. fxe3 Kf8 40. Nd3 Ke7 41. Nc5 Rc7 42. Kc3 Kd6 43. Nd3 Rc8 44. e4 c5 45. e5+ Kc6 46. Nf2 f5 47. h4 Rh8 48. g3 Rh5 49. Nh3 f4 50. gxf4 Rxh4 51. Ng5 Rxf4 52. Nxe6 Re4 53. Nd8+ Kd7 54. Nxb7 Rxe5 55. a6 Kc7 56. Nd8 Re8 57. Nf7 Kb6 0-1

[Event "Ruhrgebiet VL1 0405"]
[Site "Ruhrgebiet"]
[Date "2005.03.13"]
[Round "8.6"]
[White "Happel, Juergen"]
[Black "Cavasin, Joerg"]
[Result "1/2-1/2"]
[WhiteElo "1823"]
[BlackElo "1914"]
[PlyCount "40"]
[EventDate "2004.09.12"]
[EventType "team"]
[EventRounds "9"]
[EventCountry "GER"]
[SourceTitle "EXT 2006"]
[Source "ChessBase"]
[SourceDate "2005.11.24"]
[SourceVersion "1"]
[SourceVersionDate "2005.11.24"]
[SourceQuality "1"]
[WhiteTeam "Hamm 45/58"]
[BlackTeam "Altenessen"]
[WhiteTeamCountry "GER"]
[BlackTeamCountry "GER"]

1. Nf3 b6 2. g3 Bb7 3. Bg2 c5 4. c4 f5 5. d3 g6 6. 0-0 Bg7 7. Nc3 Nf6 8. Rb1 Na6 9. a3 d6 10. Qa4+ Qd7 11. Qxd7+ Nxd7 12. Ng5 Bxg2 13. Kxg2 Bxc3 14. bxc3 Nc7 15. f4 Nf6 16. Nf3 Kd7 17. Be3 Ne6 18. a4 Rhb8 19. Rb5 Nd8 20. Ra1 Nc6 1/2-1/2